| 000 | 00527nam a2200181Ia 4500 | ||
|---|---|---|---|
| 008 | 090124s9999 xx 000 0 und d | ||
| 082 | _b33798 | ||
| 100 | _aगीतानंद | ||
| 245 | _a जीवनगीता | ||
| 250 | _a1 | ||
| 260 |
_b"संगीत सदन प्रकाशन, इलाहाबाद" _c1991 |
||
| 300 | _a502 | ||
| 600 | _aगीतानंद | ||
| 630 | _a जीवनगीता | ||
| 700 | _aगीतानंद | ||
| 730 | _a जीवनगीता | ||
| 942 | _cBOOK | ||
| 999 |
_c99682 _d99682 |
||